[Event "New Delhi Matrix op 3rd"]
[Site "New Delhi"]
[Date "2024.04.06"]
[Round "1"]
[White "Utkrisht, Singh"]
[Black "Kumar, Gaurav"]
[Result "1/2-1/2"]
[WhiteElo "1479"]
[BlackElo "2083"]
[PlyCount "85"]
[EventDate "2024.04.06"]
[EventType "swiss"]
[EventRounds "9"]
[EventCountry "IND"]
[SourceTitle "CB16_2024"]
[SourceDate "2024.04.17"]
[SourceVersion "1"]
[SourceVersionDate "2024.04.17"]
[SourceQuality "1"]

1. d4 Nf6 2. c4 e6 3. Nc3 Bb4 4. Qc2 c5 5. Nf3 cxd4 6. Nxd4 Nc6 7. Nxc6 bxc6 8. a3 Be7 9. Bg5 0-0 10. e3 d5 11. Bd3 h6 12. Bh4 e5 13. 0-0 e4 14. Be2 Qc7 15. Bg3 Bd6 16. Bxd6 Qxd6 17. Rfd1 Qe5 18. cxd5 cxd5 19. Qd2 Be6 20. Qd4 Qg5 21. Kh1 Bg4 22. Qd2 Rad8 23. Rac1 Qh4 24. Kg1 Qg5 25. Kh1 Bxe2 26. Qxe2 Ng4 27. h3 Ne5 28. Rd4 Nd3 29. Rd1 Rfe8 30. Kg1 h5 31. Na2 Re6 32. h4 Qf5 33. Nb4 Ne5 34. Nxd5 Rxd5 35. Rxd5 Rg6 36. Rxe5 Qxe5 37. g3 Rg4 38. Kg2 Qe7 39. Qd2 Kh7 40. Qd8 Qe6 41. Qf8 Qf6 42. Rd8 Qf3+ 43. Kg1 1/2-1/2